Chystajú výstavbu bytov

Bibliographic Details
Format: Article
Language:Slovak
ISSN:1210-2423
Subjects:

MARC

LEADER 00000nab a2200000 ar4500
001 vtls011718618
003 SK-MaSNL
005 20260305032053.0
008 171102c2017 xo wr|p|||||||000 b|slo
038 |a PPPK 
040 |a PPPKCL  |b slo  |c PPPKCL  |e AACR2 
041 0 |a slo 
044 |a xo  |c SK 
080 |a 728.1/.3  |2 2011 
245 0 0 |a Chystajú výstavbu bytov 
500 |a Autor článku nie je uvedený. 
650 0 7 |a bytová výstavba  |2 pppkcl  |9 3036 
650 0 7 |a nájomné byty  |2 pppkcl  |9 469715 
651 7 |a Spišská Belá (Slovensko)  |2 pppkcl  |9 16198 
651 7 |a Kežmarok (Slovensko : okres)  |2 pppkcl  |9 51824 
773 0 |t Podtatranské noviny  |g Roč. LVII, č. 42 (2017), s. 3  |x 1210-2423 
852 |a PPPK  |b KIS3GCP 
999 |c 3318608  |d 3320538